000 00366nam a2200145Ia 4500
008 230917s9999||||xx |||||||||||||| ||und||
040 _e155507
_aMAIN
041 _aEnglish
082 _aB N315J:S
100 _aSharma Jagdish saran
245 0 _aJawaharlal nehru: a descriptive biblioraphy
260 _aDelhi
_bS Chand
_c1969
300 _a515p p.
942 _cBK
999 _c208218
_d208218